[Event "XIV Torneo Leonardo di Bona B"]
[Site "Cutro ITA"]
[Date "2008.04.25"]
[Round "1"]
[White "Olivo, Gaetano"]
[Black "Piccoli, Vincenzo"]
[Result "0-1"]
[WhiteElo "1562"]
[BlackElo "1939"]
[PlyCount "54"]
[EventDate "2008.04.25"]

1. e4 c5 2. Nf3 d6 3. d4 cxd4 4. Nxd4 Nf6 5. Nc3 a6 6. Bg5 e6 7. h3 Be7 8. f4
b5 9. a3 Bb7 10. Qd3 Nbd7 11. b4 Rc8 12. Ncxb5 axb5 13. Nxb5 Nxe4 14. Bxe7 Qxe7
15. O-O-O Bd5 16. Qd4 O-O 17. Bd3 f5 18. g4 Qh4 19. Bxe4 Bxe4 20. Rh2 Qg3 21.
Rdd2 Qxf4 22. Kb2 d5 23. gxf5 Rxf5 24. Kb3 Qb8 25. Nc3 Rf3 26. Rd3 Qxh2 27.
Nxe4 Qxc2# 0-1

[Event "XIV Torneo Leonardo di Bona B"]
[Site "Cutro ITA"]
[Date "2008.04.25"]
[Round "1"]
[White "Policastrese, Salvatore"]
[Black "Garofalo, Massimo"]
[Result "0-1"]
[WhiteElo "1446"]
[BlackElo "1745"]
[PlyCount "74"]
[EventDate "2008.04.25"]

1. e4 c5 2. Nf3 d6 3. d4 cxd4 4. Nxd4 Nf6 5. Nc3 Nc6 6. Bb5 Bd7 7. Bxc6 bxc6 8.
O-O e5 9. Nf3 Be7 10. Bg5 Qc7 11. Re1 h6 12. Bh4 Be6 13. Qd2 O-O 14. a3 Rfb8
15. b4 a5 16. Rab1 axb4 17. axb4 Bc4 18. Red1 Ra3 19. Bxf6 Bxf6 20. Ne2 d5 21.
Ng3 Rd8 22. Qc1 Ra2 23. Ra1 Rda8 24. Rxa2 Rxa2 25. Qb1 d4 26. Nd2 Be6 27. Nb3
Ra8 28. Nc5 Bc4 29. Qc1 Bg5 30. Qb1 g6 31. Qb2 Be7 32. c3 Ra2 33. Qc1 Qb6 34.
cxd4 Qxb4 35. Qxh6 Qb2 36. Qe3 exd4 37. Qc1 Bxc5 0-1

[Event "XIV Torneo Leonardo di Bona B"]
[Site "Cutro ITA"]
[Date "2008.04.25"]
[Round "1"]
[White "Scalise, Sandro"]
[Black "Camposano, Antonio"]
[Result "1-0"]
[WhiteElo "1604"]
[BlackElo "1302"]
[PlyCount "67"]
[EventDate "2008.04.25"]

1. Nc3 e5 2. e4 d6 3. f4 f6 4. Bc4 c6 5. Nf3 b5 6. Bb3 Ne7 7. O-O Ng6 8. Kh1
Nxf4 9. d4 b4 10. Bxf4 bxc3 11. Bc1 cxb2 12. Bxb2 Bg4 13. Qd3 Bxf3 14. Qxf3 a5
15. dxe5 dxe5 16. Bxe5 Be7 17. Rad1 Nd7 18. Be6 Nxe5 19. Rxd8+ Rxd8 20. Qh5+ g6
21. Qe2 Rd6 22. Bb3 a4 23. Bxa4 O-O 24. Bb3+ Kh8 25. a4 Rfd8 26. h3 Rd2 27. Qe3
Rd1 28. Qe2 R8d2 29. Qa6 Rf2 30. Rxd1 h5 31. Qc8+ Kg7 32. Qg8+ Kh6 33. h4 Nf7
34. Bxf7 1-0

[Event "XIV Torneo Leonardo di Bona B"]
[Site "Cutro ITA"]
[Date "2008.04.25"]
[Round "1"]
[White "Scerra, Ezio"]
[Black "Paragliola, Gennaro"]
[Result "1/2-1/2"]
[WhiteElo "1311"]
[BlackElo "1615"]
[PlyCount "101"]
[EventDate "2008.04.25"]

1. c4 Nf6 2. Nc3 b6 3. e3 e6 4. Be2 Bb7 5. Bf3 Nc6 6. a3 Rb8 7. b4 d5 8. cxd5
exd5 9. d4 a6 10. Nh3 Bd6 11. O-O O-O 12. Nf4 Ne7 13. Qd3 c6 14. Nfe2 Qc7 15.
Ng3 Ng6 16. e4 dxe4 17. Ncxe4 Nxe4 18. Bxe4 Bxg3 19. fxg3 Rbd8 20. Bxg6 hxg6
21. Bf4 Qd7 22. Rad1 Rfe8 23. Bg5 Rc8 24. Rfe1 Qd5 25. Re5 Rxe5 26. dxe5 Qxe5
27. Qe3 Qxe3+ 28. Bxe3 c5 29. Rd6 c4 30. Bxb6 c3 31. Be3 Re8 32. Kf2 c2 33. Bc1
Kf8 34. Rd2 Be4 35. Re2 f5 36. g4 Rd8 37. Rd2 Re8 38. gxf5 gxf5 39. Re2 Re6 40.
g4 fxg4 41. Kg3 Bf5 42. Rxe6 Bxe6 43. Kf4 g6 44. a4 Ke7 45. Ke5 Kd7 46. b5 axb5
47. axb5 Bc4 48. Kf4 Bxb5 49. Kxg4 Ke6 50. h4 Bd3 51. Kg5 1/2-1/2

[Event "XIV Torneo Leonardo di Bona B"]
[Site "Cutro ITA"]
[Date "2008.04.25"]
[Round "1"]
[White "Soluri, Francesco"]
[Black "Catapano, Francesco"]
[Result "0-1"]
[WhiteElo "1452"]
[BlackElo "1757"]
[PlyCount "90"]
[EventDate "2008.04.25"]

1. d4 Nf6 2. c3 g6 3. Nf3 Bg7 4. Bf4 O-O 5. Nbd2 d6 6. h3 c5 7. e3 cxd4 8. exd4
b6 9. Be2 Bb7 10. O-O Nbd7 11. Re1 Rc8 12. Bd3 Re8 13. Re3 Nd5 14. Qe1 Nxe3 15.
fxe3 e5 16. dxe5 dxe5 17. Bg5 Nf6 18. Ne4 Qxd3 19. Nxf6+ Bxf6 20. Bxf6 Qf5 21.
Qh4 Bxf3 22. gxf3 Rc6 23. Be7 f6 24. Ba3 Qg5+ 25. Qxg5 fxg5 26. Rd1 Rf6 27. Kg2
Kg7 28. Rd7+ Rf7 29. Rd6 e4 30. b3 Rxf3 31. Rd7+ Rf7 32. Rd5 Kh6 33. Rd2 Re6
34. c4 Ref6 35. Bb2 Rf3 36. Bd4 Rd7 37. Re2 Kh5 38. Rf2 Rxf2+ 39. Kxf2 Kh4 40.
Kg2 g4 41. hxg4 Kxg4 42. a4 h5 43. b4 Rc7 44. c5 bxc5 45. Bxc5 Rxc5 0-1

[Event "XIV Torneo Leonardo di Bona B"]
[Site "Cutro ITA"]
[Date "2008.04.25"]
[Round "1"]
[White "Valotta, Massimiliano"]
[Black "Olivo, Ilaria"]
[Result "1-0"]
[WhiteElo "1896"]
[BlackElo "1500"]
[PlyCount "75"]
[EventDate "2008.04.25"]

1. d4 Nf6 2. c4 e6 3. Nc3 Bb4 4. Bg5 d5 5. a3 Bxc3+ 6. bxc3 Nbd7 7. cxd5 exd5
8. Nf3 O-O 9. e3 a6 10. Be2 b5 11. Ne5 h6 12. Bh4 c5 13. Nxd7 Bxd7 14. dxc5 Rc8
15. Qd4 Re8 16. Bf3 Be6 17. O-O Qe7 18. a4 Rxc5 19. Bxf6 gxf6 20. axb5 axb5 21.
Ra5 Rc4 22. Qb6 Rxc3 23. Qxb5 Rec8 24. Qb2 Qc7 25. Raa1 Kg7 26. Rad1 Rc2 27.
Qb4 Rc4 28. Qe1 Qc5 29. Qd2 Rc2 30. Qd4 Qxd4 31. Rxd4 R2c4 32. Rfd1 Rxd4 33.
Rxd4 Rc1+ 34. Rd1 Rxd1+ 35. Bxd1 Kg6 36. f3 h5 37. Kf2 f5 38. f4 1-0

[Event "XIV Torneo Leonardo di Bona B"]
[Site "Cutro ITA"]
[Date "2008.04.25"]
[Round "1"]
[White "Virelli, Salvatore"]
[Black "Ielapi, Vito"]
[Result "0-1"]
[WhiteElo "1509"]
[BlackElo "1929"]
[PlyCount "92"]
[EventDate "2008.04.25"]

1. e4 d5 2. exd5 Qxd5 3. Nc3 Qa5 4. Nf3 Nf6 5. Be2 Bf5 6. d3 c6 7. O-O e6 8.
Bd2 Qc7 9. Nh4 Bg6 10. Bg5 Nbd7 11. Nxg6 hxg6 12. g3 Bd6 13. Ne4 Nxe4 14. dxe4
f6 15. Be3 Ne5 16. f4 Nd7 17. Qd3 Bc5 18. Bxc5 Nxc5 19. Qc4 Qe7 20. Rad1 Nd7
21. Rd2 O-O-O 22. Rfd1 Nb6 23. Rxd8+ Rxd8 24. Rxd8+ Kxd8 25. Qd3+ Kc7 26. Kg2
e5 27. fxe5 Qxe5 28. b3 Nd7 29. Bf3 Qc5 30. Bg4 Ne5 31. Qe2 Nxg4 32. Qxg4 Qxc2+
33. Kh3 g5 34. Qe6 Qd3 35. Qe7+ Qd7+ 36. Qxd7+ Kxd7 37. Kg4 Ke6 38. Kf3 Ke5 39.
h4 gxh4 40. gxh4 g6 41. Ke3 c5 42. a3 b5 43. a4 bxa4 44. bxa4 c4 45. a5 a6 46.
Kd2 Kxe4 0-1

[Event "XIV Torneo Leonardo di Bona B"]
[Site "Cutro ITA"]
[Date "2008.04.26"]
[Round "2"]
[White "Alo', Lucio"]
[Black "Virelli, Salvatore"]
[Result "1-0"]
[WhiteElo "1439"]
[BlackElo "1509"]
[PlyCount "87"]
[EventDate "2008.04.25"]

1. Nf3 d5 2. d4 Nc6 3. Bf4 Bg4 4. Nbd2 f6 5. h3 Bxf3 6. Nxf3 e6 7. a3 Nge7 8.
e3 a6 9. Bd3 Qd7 10. b4 b5 11. O-O g6 12. Nh2 Bg7 13. Qf3 e5 14. dxe5 Nxe5 15.
Bxe5 fxe5 16. e4 Rf8 17. Qe2 c6 18. Rad1 d4 19. Nf3 h6 20. Rc1 a5 21. c4 dxc3
22. Rxc3 axb4 23. axb4 Ra4 24. Rd1 Qa7 25. Rb3 Kf7 26. Bc2 Kg8 27. Rbb1 Ra3 28.
Qd2 Qc7 29. Qe2 Kh8 30. Rd2 g5 31. Rbd1 Qb8 32. Rd7 Ra7 33. Qe3 Rxd7 34. Rxd7
Qe8 35. Rc7 Qd8 36. Qa7 Bf6 37. Nxe5 Kg7 38. Nxc6 Qa8 39. Rxe7+ Bxe7 40. Qxe7+
Rf7 41. Qe5+ Kg6 42. Ne7+ Kh7 43. Qe6 Qa1+ 44. Kh2 1-0

[Event "XIV Torneo Leonardo di Bona B"]
[Site "Cutro ITA"]
[Date "2008.04.26"]
[Round "2"]
[White "Alvaro, Francesco"]
[Black "Todic, Simo"]
[Result "0-1"]
[WhiteElo "1557"]
[BlackElo "1748"]
[PlyCount "56"]
[EventDate "2008.04.25"]

1. e4 c5 2. c3 d5 3. exd5 Qxd5 4. Nf3 e5 5. d4 Nc6 6. Bb5 Bg4 7. Be3 cxd4 8.
Be2 Bxf3 9. Bxf3 e4 10. c4 Bb4+ 11. Nc3 Qxc4 12. Be2 Bxc3+ 13. bxc3 Qxc3+ 14.
Bd2 Qa3 15. Bb5 Nge7 16. Qg4 O-O 17. Qxe4 Qb2 18. Rb1 Qxa2 19. Bd3 Ng6 20. Be2
Rfe8 21. Qd3 Nge5 22. Qb5 d3 23. Rb2 Qa1+ 24. Rb1 Qa6 25. f4 Nc4 26. Qxb7 Rxe2+
27. Kf1 Nxd2+ 28. Kg1 Qxb7 0-1

[Event "XIV Torneo Leonardo di Bona B"]
[Site "Cutro ITA"]
[Date "2008.04.26"]
[Round "2"]
[White "Catapano, Francesco"]
[Black "Scalise, Sandro"]
[Result "1-0"]
[WhiteElo "1757"]
[BlackElo "1604"]
[PlyCount "65"]
[EventDate "2008.04.25"]

1. Nf3 d6 2. g3 e5 3. d3 Bg4 4. Bg2 c6 5. O-O Be7 6. c4 Nf6 7. Nc3 O-O 8. b4
Nbd7 9. a4 d5 10. Qb3 d4 11. Nd1 Rc8 12. h3 Be6 13. Ng5 Bf5 14. e3 h6 15. Nf3
b5 16. c5 Be6 17. Qc2 Nd5 18. Ba3 dxe3 19. Nxe3 Nxe3 20. fxe3 a5 21. axb5 cxb5
22. d4 axb4 23. Bxb4 Bd5 24. Qf5 Be6 25. Qc2 Bd5 26. Ra7 exd4 27. exd4 Nb6 28.
Ba5 Bxf3 29. Bxb6 Qxd4+ 30. Qf2 Qxf2+ 31. Rxf2 Bxc5 32. Bxc5 Bxg2 33. Bxf8 1-0

[Event "XIV Torneo Leonardo di Bona B"]
[Site "Cutro ITA"]
[Date "2008.04.26"]
[Round "2"]
[White "D'Elia, Mario Domenico"]
[Black "Olivo, Gaetano"]
[Result "1-0"]
[WhiteElo "1446"]
[BlackElo "1562"]
[PlyCount "113"]
[EventDate "2008.04.25"]

1. f4 d5 2. Nf3 Bg4 3. e3 a6 4. Be2 Nf6 5. b3 c5 6. Bb2 e6 7. d3 Nc6 8. O-O Be7
9. Qe1 h5 10. a3 Qc7 11. Nbd2 Rg8 12. h3 Bxf3 13. Bxf3 O-O-O 14. Qe2 Kb8 15.
Bxh5 d4 16. Bxf7 Rh8 17. Bxe6 Qd6 18. Bf5 Rh5 19. Nc4 Qd5 20. e4 Qf7 21. Bc1
Rdh8 22. Ne5 Nxe5 23. fxe5 Ne8 24. Bg4 Qg6 25. Bxh5 Rxh5 26. Qf3 Ka7 27. Bf4
Nc7 28. g4 Rh8 29. Qg2 Ne6 30. Bg3 Ng5 31. h4 Nf7 32. Qf3 Nh6 33. g5 Rf8 34.
Qe2 Nf7 35. Rf5 Qe6 36. Kg2 g6 37. Rf2 Rh8 38. Rh1 Nd8 39. Bf4 Nc6 40. h5 c4
41. bxc4 Bxa3 42. hxg6 Rxh1 43. Kxh1 Qxg6 44. Rh2 Bf8 45. Qh5 Qe6 46. g6 b5 47.
Qf5 Qe7 48. Rh7 Bg7 49. Bg5 Qb4 50. Rxg7+ Kb6 51. Qf1 bxc4 52. Rf7 Qc3 53. g7
cxd3 54. cxd3 Nxe5 55. Bd8+ Kb5 56. Rb7+ Ka4 57. g8=Q 1-0

[Event "XIV Torneo Leonardo di Bona B"]
[Site "Cutro ITA"]
[Date "2008.04.26"]
[Round "2"]
[White "Grano, Giuseppe"]
[Black "Soluri, Francesco"]
[Result "1-0"]
[WhiteElo "1733"]
[BlackElo "1452"]
[PlyCount "77"]
[EventDate "2008.04.25"]

1. e4 e5 2. Nf3 d6 3. Bc4 Bg4 4. d3 Nf6 5. Be3 Nbd7 6. Nbd2 Be7 7. h3 Bxf3 8.
Nxf3 c6 9. O-O O-O 10. c3 Nb6 11. Bb3 a5 12. a3 a4 13. Ba2 c5 14. Qc2 Nbd7 15.
d4 Qc7 16. dxe5 dxe5 17. Rfd1 c4 18. Rd2 b5 19. Rad1 Rfd8 20. Bb1 Bc5 21. Bg5
h6 22. Bh4 Be7 23. Bg3 Nh5 24. Bh2 f6 25. Rd5 Nf4 26. Bxf4 exf4 27. e5 Nf8 28.
Qe4 Ra6 29. Rxd8 Bxd8 30. Qd5+ Kh8 31. Qxd8 Qxd8 32. Rxd8 Kg8 33. Rd5 Rb6 34.
exf6 gxf6 35. Nd4 Kf7 36. Kf1 Ng6 37. Bxg6+ Kxg6 38. Rf5 Rd6 39. Rxb5 1-0

[Event "XIV Torneo Leonardo di Bona B"]
[Site "Cutro ITA"]
[Date "2008.04.26"]
[Round "2"]
[White "Ielapi, Gianbattista"]
[Black "Familari, Giuseppe"]
[Result "0-1"]
[WhiteElo "1602"]
[BlackElo "1801"]
[PlyCount "92"]
[EventDate "2008.04.25"]

1. d4 d5 2. Nf3 Nf6 3. e3 c5 4. c3 Nbd7 5. Bd3 Qc7 6. Nbd2 e5 7. dxe5 Nxe5 8.
Qe2 Bd6 9. Nxe5 Bxe5 10. Bb5+ Bd7 11. Bxd7+ Qxd7 12. O-O O-O 13. Nf3 Bc7 14. b3
Ne4 15. Bb2 Rfe8 16. Nd2 Qd6 17. g3 Re6 18. Rad1 Qc6 19. Nxe4 dxe4 20. Rd2 b5
21. c4 a6 22. Rfd1 Rae8 23. Qg4 g6 24. Qh3 bxc4 25. bxc4 Bd6 26. Qf1 Bf8 27.
Rd5 Qa4 28. a3 Rb8 29. R5d2 Bg7 30. Rd8+ Re8 31. Rxe8+ Rxe8 32. Bxg7 Kxg7 33.
Ra1 Rd8 34. Qc1 Rd3 35. Kg2 Qb3 36. Kf1 Rc3 37. Qb1 Qxc4+ 38. Ke1 Rb3 39. Qc1
Qb5 40. h4 c4 41. Qd1 Rd3 42. Qc2 Qa5+ 43. Ke2 c3 44. Ke1 Rd2 45. Qc1 Kh6 46.
Rb1 c2 0-1

[Event "XIV Torneo Leonardo di Bona B"]
[Site "Cutro ITA"]
[Date "2008.04.26"]
[Round "2"]
[White "Ielapi, Vito"]
[Black "Bruno, Elio"]
[Result "1-0"]
[WhiteElo "1929"]
[BlackElo "1646"]
[PlyCount "103"]
[EventDate "2008.04.25"]

1. d4 Nf6 2. Nf3 g6 3. Nbd2 Bg7 4. e4 d6 5. c3 O-O 6. Bd3 b6 7. O-O Bb7 8. Re1
c5 9. Nf1 Qc7 10. Ng3 cxd4 11. cxd4 Nbd7 12. Bd2 e5 13. Rc1 Qd8 14. d5 Nc5 15.
Bb1 a5 16. Be3 Rc8 17. h3 Qd7 18. Qd2 Rfe8 19. Bh6 Bh8 20. b4 axb4 21. Qxb4 Rb8
22. Qd2 Ra8 23. Rc3 Ra5 24. Rec1 Rea8 25. Qe3 Bxd5 26. Rd1 Qc6 27. Nf5 R5a7 28.
Rxc5 bxc5 29. exd5 Qd7 30. Ng3 Ra3 31. Qd2 e4 32. Ne1 e3 33. Bxe3 Ne8 34. Nc2
R3a5 35. Qe2 Rb5 36. Qe1 Rab8 37. Na3 R5b7 38. Nc4 Qa4 39. Nd2 Bc3 40. Nge4 Ba5
41. Qf1 Rb2 42. Nc4 R2b4 43. Nc3 Qd7 44. Nxa5 Rb2 45. Nc6 R8b7 46. a4 Nc7 47.
Be4 f5 48. Bf3 Qg7 49. Ne2 g5 50. a5 f4 51. Bd2 Qf7 52. Bc3 1-0

[Event "XIV Torneo Leonardo di Bona B"]
[Site "Cutro ITA"]
[Date "2008.04.26"]
[Round "2"]
[White "Luvera', Filippo"]
[Black "Olivo, Paolo"]
[Result "1-0"]
[WhiteElo "1838"]
[BlackElo "1616"]
[PlyCount "135"]
[EventDate "2008.04.25"]

1. e4 c6 2. d4 d5 3. Nc3 dxe4 4. Nxe4 Bf5 5. Ng3 Bg6 6. h4 h6 7. Nf3 Nd7 8. h5
Bh7 9. Bd3 Bxd3 10. Qxd3 e6 11. Bf4 Ngf6 12. O-O-O Nd5 13. Bd2 Qc7 14. Ne4 N7f6
15. Nxf6+ Nxf6 16. g3 Bd6 17. Kb1 O-O-O 18. Qe2 Rhe8 19. Ne5 Nd5 20. c4 Bxe5
21. dxe5 Ne7 22. g4 c5 23. Bc3 Nc6 24. f4 Nd4 25. Qe3 Qc6 26. Rhf1 Qg2 27. Rf2
Qxg4 28. Rfd2 Qf5+ 29. Kc1 Qxh5 30. Bxd4 cxd4 31. Rxd4 Rxd4 32. Qxd4 f5 33.
Qxa7 Qf7 34. Qa8+ Kc7 35. Qa5+ Kb8 36. Qb5 Qh5 37. Rd7 Qh1+ 38. Kc2 Qg2+ 39.
Kb3 Qf3+ 40. Kb4 Rg8 41. Qc5 Qc6 42. Qxc6 bxc6 43. Re7 h5 44. Rxe6 h4 45. Rg6
h3 46. Rg1 h2 47. Rh1 Rh8 48. Kc5 Kc7 49. b4 g5 50. fxg5 f4 51. Kd4 Rh3 52. Ke4
f3 53. Ke3 Rh5 54. Kxf3 Rxg5 55. Kf4 Rg2 56. a3 c5 57. Ke4 Kc6 58. b5+ Kb6 59.
e6 Kc7 60. Kd5 Rg5+ 61. Ke4 Rg4+ 62. Kf5 Rxc4 63. Rxh2 Ra4 64. b6+ Kxb6 65. e7
Ra8 66. Ke6 Kc7 67. Rd2 c4 68. Rd7+ 1-0

[Event "XIV Torneo Leonardo di Bona B"]
[Site "Cutro ITA"]
[Date "2008.04.26"]
[Round "2"]
[White "Macri', Pasquale"]
[Black "Mercuri, Delia"]
[Result "1-0"]
[WhiteElo "1431"]
[BlackElo "1454"]
[PlyCount "61"]
[EventDate "2008.04.25"]

1. e4 e6 2. d4 c5 3. c3 d5 4. Bb5+ Bd7 5. Qe2 c4 6. Bxd7+ Qxd7 7. exd5 Qxd5 8.
Nf3 Nc6 9. O-O Bd6 10. Nfd2 b5 11. Qe4 Nge7 12. Qxd5 Nxd5 13. Ne4 Rd8 14. b3
O-O 15. Nxd6 Rxd6 16. bxc4 Nc7 17. cxb5 Nxb5 18. a4 Ncxd4 19. cxd4 Ra6 20. Ba3
Rxa4 21. Bxf8 Rxa1 22. Bc5 a5 23. Nd2 Ra4 24. Rb1 g6 25. Rxb5 Ra1+ 26. Rb1 Ra2
27. Ne4 Kg7 28. g3 a4 29. Nc3 Rc2 30. Nxa4 e5 31. dxe5 1-0

[Event "XIV Torneo Leonardo di Bona B"]
[Site "Cutro ITA"]
[Date "2008.04.26"]
[Round "2"]
[White "Manfredi, Candido"]
[Black "Valotta, Massimiliano"]
[Result "1/2-1/2"]
[WhiteElo "1644"]
[BlackElo "1896"]
[PlyCount "173"]
[EventDate "2008.04.25"]

1. e4 e5 2. Nf3 d6 3. Bc4 Be6 4. Qe2 Nc6 5. c3 h6 6. d4 Bxc4 7. Qxc4 Nf6 8.
Nbd2 Nd7 9. Qb5 Nb6 10. dxe5 a6 11. Qe2 dxe5 12. Nc4 Nxc4 13. Qxc4 Bd6 14. O-O
O-O 15. Be3 Qd7 16. Rad1 Qe7 17. a4 a5 18. Qe2 Qe6 19. Qb5 Ne7 20. Qe2 f5 21.
exf5 Nxf5 22. Bf4 Rae8 23. Rfe1 Nh4 24. Nxh4 Rxf4 25. g3 Rf6 26. Qe4 Bc5 27.
Re2 Qb6 28. Nf5 Qe6 29. Ne3 b6 30. Kg2 Ref8 31. Ng4 R6f7 32. Rf1 Bd6 33. h3 Qb3
34. Qg6 Kh8 35. Qe4 Re7 36. Ne3 Ref7 37. Qc4 Qxc4 38. Nxc4 g5 39. Nxe5 Bxe5 40.
Rxe5 Kg7 41. c4 Rd8 42. Rfe1 Rd2 43. R1e2 Rd4 44. b3 Rd3 45. R2e3 Rd2 46. Re2
Rd3 47. R5e3 Rdd7 48. Re5 Rd3 49. Rb2 Kf6 50. Re3 Rxe3 51. fxe3 Ke5 52. Rf2 Rd7
53. Kf3 Rd3 54. Rb2 h5 55. g4 h4 56. b4 axb4 57. Rxb4 Ra3 58. Rb5+ Kf6 59. c5
bxc5 60. Rxc5 Rxa4 61. Rxc7 Ra6 62. Rc2 Rb6 63. Rf2 Kg6 64. Ke4 Re6+ 65. Kd3
Rd6+ 66. Ke2 Re6 67. Rf3 Re4 68. Kd3 Ra4 69. e4 Ra3+ 70. Ke2 Ra2+ 71. Kf1 Ra1+
72. Kg2 Re1 73. Ra3 Rxe4 74. Ra6+ Kf7 75. Kf3 Rf4+ 76. Kg2 Rf6 77. Ra5 Kg6 78.
Rb5 Rc6 79. Rf5 Rc3 80. Rf8 Rg3+ 81. Kh2 Ra3 82. Kg2 Ra2+ 83. Kg1 Ra7 84. Kg2
Ra3 85. Kh2 Rg3 86. Rf5 Re3 87. Rf8 1/2-1/2

[Event "XIV Torneo Leonardo di Bona B"]
[Site "Cutro ITA"]
[Date "2008.04.26"]
[Round "2"]
[White "Olivo, Ilaria"]
[Black "Policastrese, Salvatore"]
[Result "0-1"]
[WhiteElo "1500"]
[BlackElo "1446"]
[PlyCount "154"]
[EventDate "2008.04.25"]

1. d4 Nf6 2. c4 g6 3. Nc3 Bg7 4. e4 d6 5. Nf3 Nc6 6. Bg5 Bg4 7. Be2 O-O 8. h3
Bxf3 9. Bxf3 e5 10. d5 Nd4 11. Bg4 h6 12. Bxf6 Qxf6 13. O-O h5 14. Be2 Bh6 15.
Nb5 Nxb5 16. cxb5 Bf4 17. Qd3 Kg7 18. Qf3 Rh8 19. g3 Bh6 20. Qxf6+ Kxf6 21. f4
exf4 22. gxf4 Ke7 23. Rac1 Rac8 24. Rc2 Kd7 25. e5 Bg7 26. Kg2 Rhf8 27. exd6
Kxd6 28. Rd1 Rfe8 29. Kf3 f6 30. Bd3 g5 31. fxg5 fxg5 32. Bg6 Rf8+ 33. Ke2 Rh8
34. b3 g4 35. hxg4 hxg4 36. Bf5 Rce8+ 37. Kd3 g3 38. Rg1 Be5 39. Ke3 Ref8 40.
Be4 Rh3 41. Kd3 Ke7 42. a4 Kf6 43. Rf1+ Kg7 44. Rxf8 Kxf8 45. Bg2 Rh4 46. Rc4
Rh2 47. Re4 Rxg2 48. Rxe5 Rf2 49. Re1 Rf3+ 50. Ke2 Rxb3 51. Rf1+ Ke7 52. Rf3
Rxf3 53. Kxf3 Kd6 54. Kxg3 Kxd5 55. Kf3 Kc5 56. Ke3 Kb4 57. Kd4 Kxa4 58. Kc5
b6+ 59. Kc6 Ka5 60. Kxc7 Kxb5 61. Kd6 a5 62. Kd5 a4 63. Kd4 Ka5 64. Kc3 b5 65.
Kb2 b4 66. Ka2 b3+ 67. Ka3 Kb5 68. Kb2 Kb4 69. Ka1 Kc3 70. Kb1 b2 71. Ka2 Kc2
72. Ka3 b1=Q 73. Kxa4 Kc3 74. Ka5 Kc4 75. Ka6 Kc5 76. Ka7 Kc6 77. Ka8 Qb7# 0-1

[Event "XIV Torneo Leonardo di Bona B"]
[Site "Cutro ITA"]
[Date "2008.04.26"]
[Round "2"]
[White "Paragliola, Gennaro"]
[Black "De Rasis, Giovanni"]
[Result "0-1"]
[WhiteElo "1615"]
[BlackElo "1743"]
[PlyCount "44"]
[EventDate "2008.04.25"]

1. d4 d5 2. c4 c6 3. cxd5 cxd5 4. Nc3 Nc6 5. Nf3 Nf6 6. Bg5 e6 7. e3 Bb4 8. Qc2
h6 9. Bh4 O-O 10. Bd3 Be7 11. O-O Nb4 12. Qd2 Nxd3 13. Qxd3 a6 14. Rac1 b5 15.
Ne5 Bd7 16. Ne2 Rc8 17. Rxc8 Qxc8 18. Rc1 Qb7 19. h3 Rc8 20. Rc3 Be8 21. Qc2
Rxc3 22. Qxc3 Ne4 0-1

[Event "XIV Torneo Leonardo di Bona B"]
[Site "Cutro ITA"]
[Date "2008.04.26"]
[Round "2"]
[White "Piccoli, Vincenzo"]
[Black "Longo, Giuseppe"]
[Result "1-0"]
[WhiteElo "1939"]
[BlackElo "1700"]
[PlyCount "57"]
[EventDate "2008.04.25"]

1. e4 g6 2. d4 Bg7 3. Nc3 e6 4. Be3 a6 5. Qd2 d6 6. f4 h6 7. Nf3 Ne7 8. Bd3 b6
9. O-O Bb7 10. Rae1 Nd7 11. f5 g5 12. fxe6 fxe6 13. Bc4 Nf8 14. Qf2 Kd7 15. Rd1
Nfg6 16. Qg3 d5 17. exd5 Nxd5 18. Ne5+ Bxe5 19. dxe5 c6 20. Rf7+ Nge7 21. Qg4
Qg8 22. Rf6 b5 23. Bxd5 cxd5 24. Ne4 Rc8 25. Rxe6 Qxe6 26. Nf6+ Kd8 27. Qxe6
Rc7 28. Bb6 Bc8 29. Qd6+ 1-0

[Event "XIV Torneo Leonardo di Bona B"]
[Site "Cutro ITA"]
[Date "2008.04.26"]
[Round "2"]
[White "Sansosti, Simona"]
[Black "Mercurio, Rosario"]
[Result "0-1"]
[WhiteElo "1452"]
[BlackElo "1360"]
[PlyCount "62"]
[EventDate "2008.04.25"]

1. d4 Nf6 2. Nf3 g6 3. e3 Bg7 4. Bd3 d6 5. h3 Nbd7 6. O-O O-O 7. Nc3 c5 8. Re1
Nb6 9. dxc5 dxc5 10. Bd2 Nbd5 11. e4 Nb4 12. Bc4 e6 13. a3 Nc6 14. e5 Nd7 15.
Bf4 Qc7 16. Nb5 Qb6 17. Qc1 a6 18. Nd6 Ncxe5 19. Nxc8 Nxf3+ 20. gxf3 Raxc8 21.
Qd2 Qc6 22. Re4 Rcd8 23. Rae1 Nf6 24. Rxe6 fxe6 25. Bxe6+ Kh8 26. Qc1 Rfe8 27.
Bg4 Nxg4 28. Rxe8+ Rxe8 29. fxg4 Qf3 30. Bg3 Bd4 31. c3 Qxg3+ 0-1

[Event "XIV Torneo Leonardo di Bona B"]
[Site "Cutro ITA"]
[Date "2008.04.26"]
[Round "2"]
[White "Scerra, Ezio"]
[Black "Macri', Giuseppe"]
[Result "1-0"]
[WhiteElo "1311"]
[BlackElo "1431"]
[PlyCount "99"]
[EventDate "2008.04.25"]

1. c4 g6 2. Nc3 e6 3. e3 Bg7 4. Be2 Ne7 5. Nh3 d5 6. d4 e5 7. dxe5 Bxh3 8. gxh3
c6 9. cxd5 Bxe5 10. Rb1 O-O 11. e4 cxd5 12. Nxd5 Nxd5 13. Qxd5 Nc6 14. Qxd8
Raxd8 15. f4 Bg7 16. Be3 Nd4 17. Bd1 Rfe8 18. e5 b6 19. O-O Nf5 20. Bf2 h5 21.
Ba4 Re7 22. Rbd1 Rxd1 23. Rxd1 Bh6 24. Rd8+ Kg7 25. Bg3 h4 26. Be1 Bxf4 27. Bb4
Rxe5 28. Bc3 Kf6 29. Rd7 a5 30. Bxe5+ Bxe5 31. b3 Nd4 32. Rb7 Ne2+ 33. Kf1 Nc3
34. Rxb6+ Kg5 35. Be8 f6 36. a4 Nd5 37. Rb7 Kf4 38. Bxg6 Ke3 39. Bf7 Nf4 40. b4
axb4 41. Rxb4 Nxh3 42. Rxh4 Ng5 43. Bd5 f5 44. a5 Bd4 45. a6 Ne4 46. Rh3+ Kf4
47. Bxe4 fxe4 48. Ke2 e3 49. Rh4+ Ke5 50. Rxd4 1-0

[Event "XIV Torneo Leonardo di Bona B"]
[Site "Cutro ITA"]
[Date "2008.04.27"]
[Round "3"]
[White "Bruno, Elio"]
[Black "Alo', Lucio"]
[Result "1/2-1/2"]
[WhiteElo "1646"]
[BlackElo "1439"]
[PlyCount "82"]
[EventDate "2008.04.25"]

1. e4 e5 2. Nf3 Nc6 3. Bb5 Nge7 4. d4 exd4 5. Nxd4 a6 6. Ba4 h6 7. O-O Nxd4 8.
Qxd4 b5 9. Bb3 Bb7 10. Bd2 Ng6 11. a3 c5 12. Qe3 c4 13. Ba2 Rc8 14. Bc3 Bc5 15.
Qe2 O-O 16. Kh1 Re8 17. f3 Qh4 18. b3 Bd6 19. g4 Nf4 20. Qf2 Qh3 21. Bd4 Ne6
22. Be3 Be5 23. c3 Bf6 24. bxc4 Ng5 25. Nd2 Bxc3 26. Rad1 Bxd2 27. Rxd2 Bc6 28.
Bxg5 hxg5 29. c5 Re5 30. Bd5 Bxd5 31. exd5 Rce8 32. c6 dxc6 33. dxc6 Qh6 34.
Qb6 Re2 35. Rf2 Re1+ 36. Kg2 Rc1 37. Rc2 Ree1 38. Rxc1 Rxc1 39. Qd8+ Kh7 40.
Qd7 Rxc6 41. Re2 Qf6 1/2-1/2

[Event "XIV Torneo Leonardo di Bona B"]
[Site "Cutro ITA"]
[Date "2008.04.27"]
[Round "3"]
[White "Catapano, Francesco"]
[Black "Luvera', Filippo"]
[Result "1/2-1/2"]
[WhiteElo "1757"]
[BlackElo "1838"]
[PlyCount "50"]
[EventDate "2008.04.25"]

1. e4 c5 2. Nc3 Nc6 3. Bc4 Nf6 4. d3 e6 5. f4 d5 6. exd5 exd5 7. Bb3 Be7 8. Nf3
O-O 9. O-O Bg4 10. Qe1 Bxf3 11. Rxf3 Nd4 12. Rh3 Nxb3 13. axb3 Qd7 14. Qh4 Rfd8
15. Qf2 b6 16. f5 g6 17. fxg6 fxg6 18. Qf3 d4 19. Ne2 Nd5 20. Bh6 Bf8 21. Bg5
Re8 22. Qf2 Be7 23. Bh6 Bf8 24. Bg5 Be7 25. Bh6 Bf8 1/2-1/2

[Event "XIV Torneo Leonardo di Bona B"]
[Site "Cutro ITA"]
[Date "2008.04.27"]
[Round "3"]
[White "De Rasis, Giovanni"]
[Black "Manfredi, Candido"]
[Result "0-1"]
[WhiteElo "1743"]
[BlackElo "1644"]
[PlyCount "98"]
[EventDate "2008.04.25"]

1. d4 d5 2. c4 e6 3. Nc3 c6 4. Nf3 Nf6 5. Bg5 Nbd7 6. e3 Qa5 7. Bxf6 Nxf6 8.
Qc2 Bb4 9. Rc1 Qxa2 10. Nd2 Qa5 11. Bd3 Qc7 12. Nf3 dxc4 13. Bxc4 O-O 14. O-O
Bd6 15. e4 e5 16. h3 Be6 17. Bxe6 fxe6 18. Nb5 cxb5 19. Qxc7 Bxc7 20. Rxc7 exd4
21. Nxd4 Nxe4 22. Re1 Nf6 23. Rxe6 Rf7 24. Ree7 Rxe7 25. Rxe7 a6 26. Rxb7 Rd8
27. Rxg7+ Kxg7 28. Ne6+ Kf7 29. Nxd8+ Ke7 30. Nb7 Ne4 31. f3 Nd2 32. Kf2 Nb3
33. Ke3 Kd7 34. f4 Kc7 35. f5 Kxb7 36. f6 Nc5 37. b4 Ne6 38. Ke4 Kc7 39. g4 Kd6
40. h4 Nd8 41. g5 Ke6 42. Kd4 Nb7 43. h5 a5 44. bxa5 Nxa5 45. h6 Kf7 46. Kc5
Nc6 47. Kxb5 Nd4+ 48. Kc4 Ne6 49. Kd5 Nxg5 0-1